header

Space division multiple access for wireless local area networks (Record no. 46019)

MARC details
000 -LEADER
fixed length control field 01575nam a22003614a 4500
082 04 - DEWEY DECIMAL CLASSIFICATION NUMBER
Classification number 004.6/8
100 1# - MAIN ENTRY--AUTHOR NAME
Personal name Vandenameele, Patrick.
245 10 - TITLE STATEMENT
Title Space division multiple access for wireless local area networks
260 ## - PUBLICATION, DISTRIBUTION, ETC. (IMPRINT)
Place of publication Boston :
Name of publisher Kluwer Academic Publishers,
Year of publication 2001.
300 ## - PHYSICAL DESCRIPTION
Number of Pages xvi, 231 p. :
Other physical details ill.
490 1# - SERIES STATEMENT
Series statement The Kluwer international series in engineering and computer science ;
650 #0 - SUBJECT ADDED ENTRY--TOPICAL TERM
Topical Term Wireless communication systems.
Topical Term Broadband communication systems.
Topical Term Local loop (Telephony)
700 1# - ADDED ENTRY--PERSONAL NAME
Personal name Perre, Liesbet van der.
Personal name Engels, Marc.
856 40 - ELECTRONIC LOCATION AND ACCESS
Uniform Resource Identifier http://site.ebrary.com/lib/rucke/Doc?id=10060501

No items available.

© 2026 Rongo University
Contact us: librarian | system librarian | Rongo university